25 vấn đề lý luận trong công cuộc cải cách mở cửa ở Trung Quốc (Sách tham khảo)

محفوظ في:
التفاصيل البيبلوغرافية
مؤلف مشترك: Cục lý luận ban tuyên truyền Đảng cộng sản Trung Quốc
التنسيق: كتاب
اللغة:Undetermined
منشور في: Hà Nội Chính trị quốc gia 2003
الموضوعات:
الوسوم: إضافة وسم
لا توجد وسوم, كن أول من يضع وسما على هذه التسجيلة!
Thư viện lưu trữ: Trung tâm Học liệu Trường Đại học Cần Thơ
LEADER 00671nam a2200193Ia 4500
001 CTU_62105
008 210402s9999 xx 000 0 und d
020 |b 26000 
082 |a 330.951 
082 |b Đ106 
110 |a Cục lý luận ban tuyên truyền Đảng cộng sản Trung Quốc 
245 0 |a 25 vấn đề lý luận trong công cuộc cải cách mở cửa ở Trung Quốc (Sách tham khảo) 
260 |a Hà Nội 
260 |b Chính trị quốc gia 
260 |c 2003 
650 |a communist party 
650 |z china 
904 |i Trúc Phương 
980 |a Trung tâm Học liệu Trường Đại học Cần Thơ